Египет на фараоните (Запис номер 109186)
[ съкратено ]
| 000 -Лидер | |
|---|---|
| Контролно поле с фиксирана дължина | 01379nam a2200361 c 4500 |
| 003 - Код на организацията, давaща контролен номер | |
| Контролно поле | BLK |
| 005 - Дата и час на последна редакция | |
| Контролно поле | 20250509164901.0 |
| 008 - Елементи от данни с фиксирана дължина | |
| fixed length control field | 180409b bul|||||r ||||||| ||bul|| |
| 010 ## - Наследен системен номер | |
| LC control number | KNG00114501000 |
| 020 ## - Международен стандартен номер на книга ISBN | |
| Международен стандартен номер на книга ISBN | 954-321-037-3 |
| -- | издат.: Изток-Запад |
| 040 ## - Източник на каталожния запис | |
| Идентификатор на билиотеката - собственик на записа | BLK |
| 041 ## - Код за език | |
| Код за езика на текст/звукозапис или на отделно заглавие | Български |
| Код за езика КДБФ | Български |
| 080 ## - УДК | |
| Текстов определител УДК | История на Египет (до 640 г. н. е.) |
| УДК код - определител по УДК | 932 |
| УДК определител | |
| УДК - код + определител | 932 |
| 100 1# - Редна дума - Автор | |
| Автор | Игнатов, Сергей Симеонов |
| Авторска отговорност | първи автор |
| R(LIN) | 369080 |
| 139 ## - Редно поле | |
| Редна дума | Игнатов, Сергей Симеонов |
| Авторски знак | Игн - И 29 |
| 245 10 - Сведения за заглавието | |
| Заглавие | Египет на фараоните |
| Редно поле (дума) | Сергей Симеонов Игнатов. |
| 250 ## - Област на изданието | |
| Сведения за изданието | 3. прераб. изд. |
| 257 ## - Страна на издаване | |
| Страна на създаване/издаване | България |
| 260 ## - Област на издателските данни | |
| -- | София |
| Име на издателя, разпространителя и проч. | Изток-Запад |
| Година на издаване | 2004 |
| 300 ## - Физическа характеристика | |
| Страници | 232 с. |
| Илюстрации и др. | с ил., к., 32 с. ил. |
| Размери/Мащаб | 22 см |
| 380 ## - Жанр | |
| Жанр | История |
| 500 ## - Общи забележки | |
| Забележка | 1. изд. 1996 на Унив. изд. Св. Климент Охридски. - Съдържа Хронология. - Библиогр. с. 207-212 ; Азб. показалец |
| 504 ## - Забележка за наличие на библиография и др | |
| Забележка за наличие на библиография и под. | 207-212 |
| 650 #4 - Допълнително описание по предмет – тема | |
| Основно описание – тема или топоним | Древен Египет |
| 9 (RLIN) | 242280 |
| 653 ## - Ключова дума – ненормативна | |
| Ключова дума | Древен Египет |
| 653 ## - Ключова дума – ненормативна | |
| Ключова дума | история |
| 852 ## - Местоположение | |
| Форматна сигнатура | Цб 220660 |
| 856 4# - Електронен адрес и достъп | |
| Електронен формат | pdf - файл |
| Път до файла /url/ | |
| 856 4# - Електронен адрес и достъп | |
| Електронен формат | pdf - файл |
| Път до файла /url/ | |
| 942 ## - АРТИКУЛИ | |
| Вид на библиотечния материал | Книги |
| Скрит в OPAC | Не |
| Koha issues (borrowed), all copies | 11 |
| 944 ## - СЪЗДАВАНЕ И РЕДАКЦИЯ на ЗАПИСА | |
| Създаване/Редакция | Създаване |
| Дата на регистрацията/редакция | 10.08.2004 |
| Служител, извършил регистрацията/редакцията | 30535 |
| Статус, дата на статуса | Христина Везирева |
| 944 ## - СЪЗДАВАНЕ И РЕДАКЦИЯ на ЗАПИСА | |
| Създаване/Редакция | Редакция |
| Дата на регистрацията/редакция | 22.03.2006 |
| Служител, извършил регистрацията/редакцията | |
| 999 ## - СИСТЕМНИ КОНТРОЛНИ НОМЕРА | |
| Koha biblionumber | 109186 |
| Koha biblioitemnumber | 109186 |
| Код за отписване | Код за изгубен артикул | Източник на класификационната схема | Код за повреда | Коз за рестрикции | Код за отдаване | Артикулен № | Име на библиотеката - собственик | Име на библиотеката, в която се намира в момента | Статус (Текущо местоположение) | Дата на вписване в системата | Местоположение - отдел | Цена в лева | Инвентарен номер | Систематично азбучна сигнатура | Баркод | Номер на екземпляра | Цена в евро | Служебна бележка | Служебен тип на артикула |
|---|---|---|---|---|---|---|---|---|---|---|---|---|---|---|---|---|---|---|---|
| Не е изгубен | Universal Decimal Classification | Не е повреден | без рестрикции | заемане за дома | 175767 | Регионална библиотека "Любен Каравелов" Русе | Регионална библиотека "Любен Каравелов" Русе | Заемна - подръчен фонд | 2004-08-10 | Заемна - подръчен фонд | 9.00 | 120000687492 | П 94(3)/И 29 | 120000687492 | 1 | 4.60 | Дост: Pk Вид: Ф N: 26 Дата: 10.08.2004 Дата инв: 06.02.2018 Бележки инв: П2018 | Книги | |
| Не е изгубен | Universal Decimal Classification | Не е повреден | без рестрикции | ползва се в читалня | 175768 | Регионална библиотека "Любен Каравелов" Русе | Регионална библиотека "Любен Каравелов" Русе | Читалня | 2004-09-20 | Читалня | 9.00 | 120000688619 | Ч 94(3)/И 29 С | 120000688619 | 2 | 4.60 | Дост: Pk Вид: Ф N: 8887 Дата: 08.09.2004 Дата инв: 28.03.2017 Бележки инв: Ч2017 | Книги | |
| Не е изгубен | Не е повреден | без рестрикции | ползва се в читалня | 175769 | Регионална библиотека "Любен Каравелов" Русе | Регионална библиотека "Любен Каравелов" Русе | Хранилище | 2006-03-22 | Хранилище | 9.00 | 120000700782 | Цб 220660 | 120000700782 | 3 | 4.60 | Дост: Dp Вид: Д N: 10 Дата: 23.02.2005 | Книги |